<?xml version="1.0" encoding="UTF-8"?><?xml-stylesheet type="text/xsl" href="static/style.xsl"?><OAI-PMH xmlns="http://www.openarchives.org/OAI/2.0/" xmlns:xsi="http://www.w3.org/2001/XMLSchema-instance" xsi:schemaLocation="http://www.openarchives.org/OAI/2.0/ http://www.openarchives.org/OAI/2.0/OAI-PMH.xsd"><responseDate>2026-06-02T02:13:46Z</responseDate><request verb="GetRecord" identifier="oai:riuma.uma.es:10630/39037" metadataPrefix="marc">https://riuma.uma.es/rest/oai/request</request><GetRecord><record><header><identifier>oai:riuma.uma.es:10630/39037</identifier><datestamp>2026-02-03T10:55:06Z</datestamp><setSpec>com_10630_2254</setSpec><setSpec>col_10630_37953</setSpec></header><metadata><record xmlns="http://www.loc.gov/MARC21/slim" xmlns:dcterms="http://purl.org/dc/terms/" xmlns:doc="http://www.lyncode.com/xoai" xmlns:xsi="http://www.w3.org/2001/XMLSchema-instance" xsi:schemaLocation="http://www.loc.gov/MARC21/slim http://www.loc.gov/standards/marcxml/schema/MARC21slim.xsd">
   <leader>00925njm 22002777a 4500</leader>
   <datafield ind2=" " ind1=" " tag="042">
      <subfield code="a">dc</subfield>
   </datafield>
   <datafield ind2=" " ind1=" " tag="720">
      <subfield code="a">Ladrón-de-Guevara-Muñoz, María del Carmen</subfield>
      <subfield code="e">author</subfield>
   </datafield>
   <datafield ind2=" " ind1=" " tag="720">
      <subfield code="a">Blázquez-Parra, Elidia Beatriz</subfield>
      <subfield code="e">author</subfield>
   </datafield>
   <datafield ind2=" " ind1=" " tag="720">
      <subfield code="a">De-Cózar-Macías, Óscar</subfield>
      <subfield code="e">author</subfield>
   </datafield>
   <datafield ind2=" " ind1=" " tag="720">
      <subfield code="a">Marín-Granados, Manuel Damián</subfield>
      <subfield code="e">author</subfield>
   </datafield>
   <datafield ind2=" " ind1=" " tag="720">
      <subfield code="a">Miravet-Garret, Laia</subfield>
      <subfield code="e">author</subfield>
   </datafield>
   <datafield ind2=" " ind1=" " tag="260">
      <subfield code="c">2022-06-30</subfield>
   </datafield>
   <datafield ind2=" " ind1=" " tag="520">
      <subfield code="a">En el ámbito de protección del patrimonio, cada vez existen más autores y trabajos que inciden en la necesidad y la importancia de no concebir aisladamente los testigos inmuebles, muebles y territoriales de una determinada actividad a la hora de aplicarle una protección, pues los unos sin los otros no tienen razón de ser. En la industria de la caña de azúcar esta protección podría en muchos casos incluir el suelo agrario y fuente de materia prima que hizo funcionar dicha industria. De esta forma, la protección tendría efecto por igual sobre los elementos inmuebles (arquitectura), muebles (maquinaria y herramientas) y el territorio (suelo agrario donde se cultivaba la caña que suministraba la fábrica). El trabajo que se presenta a continuación se centra en la importancia de esta coexistencia entre fábrica-maquinaria-suelo agrario. El estudio se focaliza en una de las fábricas existentes en el litoral este malagueño cuya situación en la actualidad se torna un tanto confusa debida a la ambigüedad de la norma aplicable. Por este motivo, se investiga la evolución del parcelario agrario en el entorno de la fábrica, así como el marco legislativo que da lugar al grado de protección actual ya que podría verse afectado por diversas actividades proyectadas en el municipio a corto-medio plazo. Se plantea una reflexión sobre la forma de proceder a la hora de proteger el patrimonio agrario en general, y más concretamente aquel vinculado a ciertas industrias que dejaron una profunda huella en el territorio de la Axarquía y sus habitantes.</subfield>
   </datafield>
   <datafield ind1="8" ind2=" " tag="024">
      <subfield code="a">Ladrón de Guevara Muñoz, M. C., Blázquez Parra, E. B., de Cózar Macías, Óscar D., &amp; Marín Granados, M. D. (2022). Reivindicando el valor patrimonial de lo agrario relativo a la industria del azúcar de caña en la región oriental de Málaga . Erph_ Revista electrónica De Patrimonio Histórico, (30), 190–226. https://doi.org/10.30827/erph.vi30.24011</subfield>
   </datafield>
   <datafield ind1="8" ind2=" " tag="024">
      <subfield code="a">https://hdl.handle.net/10630/39037</subfield>
   </datafield>
   <datafield ind1="8" ind2=" " tag="024">
      <subfield code="a">10.30827/erph.vi30.24011</subfield>
   </datafield>
   <datafield tag="653" ind2=" " ind1=" ">
      <subfield code="a">Patrimonio industrial - Protección</subfield>
   </datafield>
   <datafield tag="653" ind2=" " ind1=" ">
      <subfield code="a">Caña de azúcar - Industria - Málaga (Provincia)</subfield>
   </datafield>
   <datafield ind2="0" ind1="0" tag="245">
      <subfield code="a">Reivindicando el valor patrimonial de lo agrario relativo a la industria del azúcar de caña en la región oriental de Málaga</subfield>
   </datafield>
</record>
</metadata></record></GetRecord></OAI-PMH>